[Event "Oberliga Wuerttemberg 1920"]
[Site "Wuerttemberg"]
[Date "2020.02.16"]
[Round "7.4"]
[White "Rubil, Marko"]
[Black "Bronznik, Valerij"]
[Result "0-1"]
[WhiteElo "2269"]
[BlackElo "2228"]
[PlyCount "66"]
[EventDate "2019.09.15"]
[EventType "team-tourn"]
[EventRounds "9"]
[EventCountry "GER"]
[SourceTitle "EXT 2021"]
[Source "ChessBase"]
[SourceDate "2020.10.23"]
[SourceVersion "1"]
[SourceVersionDate "2020.10.23"]
[SourceQuality "1"]
[WhiteTeam "Schoenaich II"]
[BlackTeam "Deizisau"]
[WhiteTeamCountry "GER"]
[BlackTeamCountry "GER"]

1. e4 c5 2. Nf3 Nc6 3. d4 cxd4 4. Nxd4 e5 5. Nb5 d6 6. c4 Be7 7. N1c3 a6 8. Na3 f5 9. exf5 Bxf5 10. Bd3 Be6 11. Nc2 Nf6 12. 0-0 Qd7 13. Qe2 0-0 14. Ne4 Kh8 15. b3 Rae8 16. Ba3 d5 17. Nxf6 gxf6 18. cxd5 Bxd5 19. Bxe7 Rxe7 20. Rad1 Nd4 21. Nxd4 exd4 22. Qh5 Rg8 23. f3 Re5 24. Qh4 Reg5 25. Rd2 Qg7 26. Qh3 Be6 27. g4 f5 28. Qg3 fxg4 29. f4 Rh5 30. f5 Rh3 31. fxe6 Rxg3+ 32. hxg3 Qe5 33. Rf7 Qe1+ 0-1

[Event "Oberliga Wuerttemberg 1920"]
[Site "Wuerttemberg"]
[Date "2019.09.15"]
[Round "1.5"]
[White "Romer, Ulrich"]
[Black "Bronznik, Valerij"]
[Result "1/2-1/2"]
[WhiteElo "2167"]
[BlackElo "2228"]
[PlyCount "30"]
[EventDate "2019.09.15"]
[EventType "team-tourn"]
[EventRounds "9"]
[EventCountry "GER"]
[SourceTitle "EXT 2021"]
[Source "ChessBase"]
[SourceDate "2020.10.23"]
[SourceVersion "1"]
[SourceVersionDate "2020.10.23"]
[SourceQuality "1"]
[WhiteTeam "Jedesheim"]
[BlackTeam "Deizisau"]
[WhiteTeamCountry "GER"]
[BlackTeamCountry "GER"]

1. d4 Nf6 2. Nf3 g6 3. c4 Bg7 4. e3 c5 5. d5 e6 6. Nc3 exd5 7. cxd5 d6 8. Be2 0-0 9. 0-0 Re8 10. Nd2 Na6 11. Nc4 Nc7 12. a4 Ne4 13. Nxe4 Rxe4 14. Bd3 Re8 15. e4 b5 1/2-1/2

[Event "Oberliga Wuerttemberg 1819"]
[Site "Wuerttemberg"]
[Date "2019.03.24"]
[Round "8"]
[White "Bronznik, Valerij"]
[Black "Degenhard, Simon"]
[Result "0-1"]
[WhiteElo "2262"]
[BlackElo "2235"]
[PlyCount "64"]
[EventDate "2018.09.23"]
[EventType "team-tourn"]
[EventRounds "9"]
[EventCountry "GER"]
[SourceTitle "EXT 2020"]
[Source "ChessBase"]
[SourceDate "2019.10.17"]
[SourceVersion "1"]
[SourceVersionDate "2019.10.17"]
[SourceQuality "1"]
[WhiteTeam "Deizisau II"]
[BlackTeam "Heilbronn"]
[WhiteTeamCountry "GER"]
[BlackTeamCountry "GER"]

1. d4 Nf6 2. c4 e6 3. Nc3 d5 4. cxd5 Nxd5 5. e4 Nxc3 6. bxc3 c5 7. Rb1 Be7 8. Nf3 0-0 9. Bc4 Nc6 10. 0-0 b6 11. Be3 cxd4 12. cxd4 Bb7 13. Qe2 Rc8 14. Rfd1 Na5 15. Bd3 Rc7 16. Bf4 Bd6 17. Bxd6 Qxd6 18. d5 exd5 19. e5 Qe7 20. Nd4 Nc6 21. Nb5 Rd7 22. Re1 Ba6 23. Qh5 g6 24. Qg4 Qe6 25. Qa4 Bb7 26. f4 f6 27. f5 gxf5 28. Nd6 fxe5 29. Nxf5 e4 30. Rxe4 dxe4 31. Bc4 Rd5 32. Qb3 Rfxf5 0-1

[Event "Bodensee op"]
[Site "Bregenz"]
[Date "2016.05.06"]
[Round "7"]
[White "Bronznik, Valerij"]
[Black "Ager, Josef"]
[Result "1-0"]
[WhiteElo "2293"]
[BlackElo "2142"]
[PlyCount "79"]
[EventDate "2016.04.30"]
[EventType "swiss"]
[EventRounds "9"]
[EventCountry "AUT"]
[SourceTitle "CBM 172 Extra"]
[Source "ChessBase"]
[SourceDate "2016.06.21"]
[SourceVersion "1"]
[SourceVersionDate "2016.06.21"]
[SourceQuality "1"]

1. d4 d6 2. Nf3 Nf6 3. c4 g6 4. Nc3 Bg7 5. e4 0-0 6. h3 e5 7. d5 Kh8 8. Bg5 Qe8 9. g4 Ng8 10. Be2 Na6 11. Nd2 f5 12. gxf5 gxf5 13. Bh5 Qd7 14. exf5 Nc5 15. Nde4 Nxe4 16. Nxe4 Qxf5 17. Qe2 Nf6 18. Bxf6 Bxf6 19. Bg4 Qf4 20. Bxc8 Raxc8 21. Qe3 Bg7 22. Rg1 Bh6 23. Qd3 Rg8 24. Ke2 Qf5 25. Qf3 Bf4 26. Rg4 Rg6 27. Rag1 Rf8 28. Rxg6 hxg6 29. Qg2 Kh7 30. f3 c6 31. Rd1 cxd5 32. Rxd5 Rc8 33. b3 Rc6 34. Qg4 Ra6 35. a4 Rb6 36. Qh4+ Bh6 37. Rd3 Qf4 38. Qxf4 Bxf4 39. Nxd6 Kh6 40. Nc8 1-0

[Event "Bodensee op"]
[Site "Bregenz"]
[Date "2016.04.30"]
[Round "1"]
[White "Bronznik, Valerij"]
[Black "Becking, Franz Josef"]
[Result "1-0"]
[WhiteElo "2293"]
[BlackElo "1913"]
[PlyCount "75"]
[EventDate "2016.04.30"]
[EventType "swiss"]
[EventRounds "9"]
[EventCountry "AUT"]
[SourceTitle "CBM 172 Extra"]
[Source "ChessBase"]
[SourceDate "2016.06.21"]
[SourceVersion "1"]
[SourceVersionDate "2016.06.21"]
[SourceQuality "1"]

1. d4 d5 2. c4 e6 3. Nc3 Nf6 4. cxd5 exd5 5. Bg5 Be7 6. e3 c6 7. Bd3 0-0 8. Qc2 h6 9. Bf4 Bd6 10. Bxd6 Qxd6 11. Nf3 Nbd7 12. 0-0 Re8 13. Rab1 b6 14. b4 Bb7 15. Rfc1 Rac8 16. Bf5 Rcd8 17. Nd2 Nf8 18. b5 c5 19. dxc5 bxc5 20. Na4 c4 21. Nf3 g6 22. Bh3 Ne6 23. Bxe6 Rxe6 24. Rd1 Ng4 25. Rd4 Re4 26. Rbd1 Rxd4 27. Rxd4 Nf6 28. Nc3 Re8 29. h3 a6 30. e4 Qc5 31. bxa6 dxe4 32. axb7 exf3 33. Qd2 Qc7 34. Qf4 Qxf4 35. Rxf4 Kg7 36. Rxc4 Rb8 37. Rc7 fxg2 38. Kxg2 1-0

[Event "GER CupT prel6"]
[Site "Buchen"]
[Date "2016.01.23"]
[Round "1.3"]
[White "Bronznik, Valerij"]
[Black "Mueller, Markus"]
[Result "1-0"]
[WhiteElo "2273"]
[BlackElo "1834"]
[PlyCount "67"]
[EventDate "2016.01.23"]
[EventType "team-k.o."]
[EventRounds "2"]
[EventCountry "GER"]
[SourceTitle "EXT 2017"]
[Source "ChessBase"]
[SourceDate "2016.10.25"]
[SourceVersion "1"]
[SourceVersionDate "2016.10.25"]
[SourceQuality "1"]
[WhiteTeam "Deizisau"]
[BlackTeam "Gernsheim"]
[WhiteTeamCountry "GER"]
[BlackTeamCountry "GER"]

1. d4 d5 2. c4 dxc4 3. e3 e6 4. Bxc4 Nf6 5. Nf3 a6 6. Bb3 c5 7. 0-0 Be7 8. Qe2 Nc6 9. Rd1 Qc7 10. Nc3 0-0 11. dxc5 Bxc5 12. Bd2 Rd8 13. Rac1 Ba7 14. Qc4 Qe7 15. Qh4 e5 16. Ng5 Be6 17. Nxe6 fxe6 18. a3 Rd6 19. Ne4 Nxe4 20. Qxe4 Rad8 21. Bc3 Rxd1+ 22. Rxd1 Rxd1+ 23. Bxd1 Qd6 24. Bc2 g6 25. h4 Qc7 26. Qg4 Kf7 27. h5 Ne7 28. Qf3+ Kg7 29. h6+ Kxh6 30. Qf8+ Kg5 31. f4+ exf4 32. Qf6+ Kg4 33. Bd1+ Kg3 34. Be1# 1-0

[Event "Oberliga Wuerttemberg 1516"]
[Site "Wuerttemberg"]
[Date "2015.09.20"]
[Round "1.2"]
[White "Lehnert, Thomas"]
[Black "Bronznik, Valerij"]
[Result "0-1"]
[WhiteElo "1943"]
[BlackElo "2273"]
[PlyCount "102"]
[EventDate "2015.09.20"]
[EventType "team-tourn"]
[EventRounds "9"]
[EventCountry "GER"]
[SourceTitle "EXT 2019"]
[Source "ChessBase"]
[SourceDate "2018.10.10"]
[SourceVersion "1"]
[SourceVersionDate "2018.10.10"]
[SourceQuality "1"]
[WhiteTeam "Erdmannhausen"]
[BlackTeam "Deizisau"]
[WhiteTeamCountry "GER"]
[BlackTeamCountry "GER"]

1. Nc3 d5 2. e4 d4 3. Nce2 e5 4. Ng3 Be6 5. c3 c5 6. Bb5+ Nd7 7. Nf3 f6 8. 0-0 Nh6 9. d3 Nf7 10. Ba4 Nd6 11. Bb3 Qe7 12. Nh4 g6 13. f4 exf4 14. Bxf4 dxc3 15. bxc3 Bg7 16. Rc1 0-0 17. Qd2 Rad8 18. Nf3 c4 19. Bxd6 Qxd6 20. dxc4 Qxd2 21. Nxd2 Bh6 22. Rc2 Nc5 23. Nf3 a5 24. Nd4 Be3+ 25. Kh1 a4 26. Nxe6 axb3 27. Re2 Nxe6 28. Rxe3 bxa2 29. Re2 Rd3 30. Rxa2 Rxc3 31. Rb2 Nc5 32. Rb4 Kg7 33. Re1 Rd8 34. Kg1 Rd4 35. Kf1 Rcxc4 36. Rb6 Rd2 37. Rb5 h5 38. e5 Rf4+ 39. Kg1 Nd3 40. Rxb7+ Kh6 41. Rd7 Rxg2+ 42. Kxg2 Nxe1+ 43. Kg1 Nf3+ 44. Kg2 Nxe5 45. Ra7 h4 46. Ne2 Rc4 47. Ra6 Rc2 48. Kf1 Ng4 49. h3 Ne3+ 50. Kf2 Nd5 51. Ra4 Rxe2+ 0-1

[Event "Oberliga Wuerttemberg 1213"]
[Site "Wuerttemberg"]
[Date "2013.04.14"]
[Round "9.2"]
[White "Bronznik, Valerij"]
[Black "Gibicar, Danijel"]
[Result "1-0"]
[WhiteElo "2277"]
[BlackElo "2185"]
[PlyCount "91"]
[EventDate "2012.09.30"]
[EventType "team-tourn"]
[EventRounds "9"]
[EventCountry "GER"]
[SourceTitle "EXT 2019"]
[Source "ChessBase"]
[SourceDate "2018.10.10"]
[SourceVersion "1"]
[SourceVersionDate "2018.10.10"]
[SourceQuality "1"]
[WhiteTeam "Deizisau"]
[BlackTeam "Bebenhausen II"]
[WhiteTeamCountry "GER"]
[BlackTeamCountry "GER"]

1. d4 Nf6 2. Bg5 Ne4 3. Bf4 c5 4. f3 Nf6 5. dxc5 e5 6. Bxe5 Bxc5 7. Bd4 Qb6 8. Bxc5 Qxc5 9. Qd2 d5 10. Qc3 Nbd7 11. Qxc5 Nxc5 12. e3 0-0 13. Ne2 Re8 14. Kd2 Bd7 15. Nd4 Rac8 16. Nc3 a6 17. Bd3 Ne6 18. g4 Bc6 19. h4 Nd7 20. Nxc6 bxc6 21. Bxa6 Rb8 22. b3 d4 23. Ne4 Ne5 24. Rhf1 Rbd8 25. Bd3 dxe3+ 26. Kxe3 Nd4 27. Kf4 Ne6+ 28. Kg3 Nxd3 29. cxd3 Rxd3 30. Rad1 Red8 31. Rxd3 Rxd3 32. Rf2 Rd1 33. Rd2 Rg1+ 34. Kf2 Rb1 35. Ng5 Nf8 36. Ke3 h6 37. Ne4 Ne6 38. Rc2 Ra1 39. Kd3 Kf8 40. a4 Rb1 41. Nd2 Rd1 42. Rxc6 Ke7 43. h5 Kd7 44. Rc3 Ra1 45. Nc4 Nf4+ 46. Ke4 1-0

[Event "Arber op 1st"]
[Site "Bayerisch Eisenstein"]
[Date "2012.08.23"]
[Round "6"]
[White "Meduna, Eduard1111"]
[Black "Bronznik, Valerij"]
[Result "0-1"]
[WhiteElo "2133"]
[BlackElo "2256"]
[PlyCount "60"]
[EventDate "2012.08.18"]
[EventType "swiss"]
[EventRounds "9"]
[EventCountry "GER"]
[SourceTitle "CBM 150 Extra"]
[Source "ChessBase"]
[SourceDate "2012.10.19"]
[SourceVersion "1"]
[SourceVersionDate "2012.10.19"]
[SourceQuality "1"]

1. e4 c5 2. Nf3 Nc6 3. d4 cxd4 4. Nxd4 Nf6 5. Nc3 e5 6. Ndb5 d6 7. Nd5 Nxd5 8. exd5 Nb8 9. c4 Be7 10. Bd3 a6 11. Nc3 0-0 12. 0-0 f5 13. f3 Nd7 14. Qe2 Bg5 15. f4 exf4 16. Bxf4 Bxf4 17. Rxf4 Ne5 18. Raf1 g6 19. Bb1 Qb6+ 20. Kh1 Bd7 21. b3 Qc7 22. a3 b5 23. Ba2 bxc4 24. bxc4 Qc5 25. Bb1 g5 26. R4f2 Ng4 27. Rf3 Rae8 28. Qd3 Ne5 29. Qd2 Nxf3 30. gxf3 f4 0-1

[Event "Arber op 1st"]
[Site "Bayerisch Eisenstein"]
[Date "2012.08.21"]
[Round "4"]
[White "Bensch, Patrick"]
[Black "Bronznik, Valerij"]
[Result "1/2-1/2"]
[WhiteElo "2131"]
[BlackElo "2256"]
[PlyCount "83"]
[EventDate "2012.08.18"]
[EventType "swiss"]
[EventRounds "9"]
[EventCountry "GER"]
[SourceTitle "CBM 150 Extra"]
[Source "ChessBase"]
[SourceDate "2012.10.19"]
[SourceVersion "1"]
[SourceVersionDate "2012.10.19"]
[SourceQuality "1"]

1. e4 e5 2. Nf3 Nc6 3. Bb5 f5 4. d3 fxe4 5. dxe4 Nf6 6. 0-0 d6 7. Nc3 a6 8. Be2 Be7 9. h3 0-0 10. Bc4+ Kh8 11. Ng5 Qe8 12. Ne6 Bxe6 13. Bxe6 Nd4 14. Bc4 Qg6 15. Bd3 Ne6 16. Nd5 Bd8 17. Be3 c6 18. Nxf6 Rxf6 19. Qg4 Qe8 20. f4 exf4 21. Bxf4 Bb6+ 22. Kh1 Nxf4 23. Rxf4 Bd4 24. c3 Rxf4 25. Qxf4 Be5 26. Qg4 Qe7 27. Rf1 Rf8 28. Rxf8+ Qxf8 29. g3 g6 30. Kg2 Kg7 31. Bc4 Qe7 32. h4 Qe8 33. a4 a5 34. Bb3 h5 35. Qe2 Kh6 36. Qe3+ Kg7 37. Qa7 Qd7 38. Bd1 d5 39. Qxa5 Bc7 40. Qb4 dxe4 41. Qxe4 Qxd1 42. Qe7+ 1/2-1/2

[Event "Oberliga Wuerttemberg 1112"]
[Site "Wuerttemberg"]
[Date "2012.02.26"]
[Round "7.2"]
[White "Fritsch, Rolf"]
[Black "Bronznik, Valerij"]
[Result "0-1"]
[WhiteElo "2205"]
[BlackElo "2316"]
[PlyCount "44"]
[EventDate "2011.10.09"]
[EventType "team-tourn"]
[EventRounds "9"]
[EventCountry "GER"]
[SourceTitle "EXT 2019"]
[Source "ChessBase"]
[SourceDate "2018.10.10"]
[SourceVersion "1"]
[SourceVersionDate "2018.10.10"]
[SourceQuality "1"]
[WhiteTeam "Stuttgart SF II"]
[BlackTeam "Deizisau"]
[WhiteTeamCountry "GER"]
[BlackTeamCountry "GER"]

1. Nf3 f5 2. d3 Nc6 3. e4 fxe4 4. dxe4 e6 5. Nc3 Bc5 6. Bd3 Nge7 7. a3 0-0 8. e5 Qe8 9. Na4 Bb6 10. 0-0 Ng6 11. Bxg6 Qxg6 12. c4 d6 13. exd6 cxd6 14. Nxb6 axb6 15. Re1 e5 16. Ng5 Nd4 17. Re4 h6 18. Rxd4 exd4 19. Qxd4 hxg5 20. Be3 Bd7 21. Qxb6 Bc6 22. f3 g4 0-1

[Event "Bad Woerishofen op 25th"]
[Site "Bad Woerishofen"]
[Date "2009.03.13"]
[Round "9"]
[White "Bronznik, Valerij"]
[Black "Schulze, Ulrich"]
[Result "1/2-1/2"]
[WhiteElo "2340"]
[BlackElo "2316"]
[PlyCount "60"]
[EventDate "2009.03.05"]
[EventType "swiss"]
[EventRounds "9"]
[EventCountry "GER"]
[SourceTitle "CBM 129 Extra"]
[Source "ChessBase"]
[SourceDate "2009.05.05"]
[SourceVersion "2"]
[SourceVersionDate "2009.05.20"]
[SourceQuality "1"]

1. d4 Nf6 2. c4 g6 3. d5 c6 4. Nc3 d6 5. e4 Bg7 6. h3 0-0 7. Nf3 b5 8. cxb5 cxb5 9. a3 Bb7 10. Be2 Nbd7 11. Be3 Rc8 12. Nd2 a6 13. 0-0 e6 14. dxe6 fxe6 15. Qb3 Qe7 16. a4 Nc5 17. Qb4 bxa4 18. e5 Nd5 19. Nxd5 Bxd5 20. exd6 Qxd6 21. Rxa4 Rfd8 22. Ra5 Nb7 23. Qxd6 Rxd6 24. Rxa6 Rxa6 25. Bxa6 Bxb2 26. Rb1 Rc1+ 27. Rxc1 Bxc1 28. Nc4 Bxe3 29. Nxe3 Nc5 30. Be2 g5 1/2-1/2

[Event "Bad Woerishofen op 25th"]
[Site "Bad Woerishofen"]
[Date "2009.03.10"]
[Round "6"]
[White "Schneider, Ilja"]
[Black "Bronznik, Valerij"]
[Result "1/2-1/2"]
[WhiteElo "2496"]
[BlackElo "2340"]
[PlyCount "99"]
[EventDate "2009.03.05"]
[EventType "swiss"]
[EventRounds "9"]
[EventCountry "GER"]
[SourceTitle "CBM 129 Extra"]
[Source "ChessBase"]
[SourceDate "2009.05.05"]
[SourceVersion "2"]
[SourceVersionDate "2009.05.20"]
[SourceQuality "1"]

1. e4 c5 2. Nf3 Nc6 3. d4 cxd4 4. Nxd4 Nf6 5. Nc3 e5 6. Ndb5 d6 7. Bg5 a6 8. Na3 b5 9. Bxf6 gxf6 10. Nd5 Bg7 11. c3 f5 12. exf5 Bxf5 13. Nc2 0-0 14. Nce3 Be6 15. Bd3 f5 16. 0-0 Kh8 17. Qh5 e4 18. Bc2 Ne7 19. Rad1 Rc8 20. f3 Nxd5 21. Nxd5 Bxd5 22. Rxd5 Qb6+ 23. Kh1 Qe3 24. Rfd1 b4 25. Rxd6 bxc3 26. Rd7 Qh6 27. Qxh6 Bxh6 28. bxc3 Rxc3 29. Bb3 Rc1 30. Rxc1 Bxc1 31. Kg1 exf3 32. gxf3 Bf4 33. Kg2 Rf6 34. h3 Rd6 35. Rf7 Rg6+ 36. Kf1 Rg3 37. Rxf5 Rxf3+ 38. Kg2 Rg3+ 39. Kf2 Bd6 40. h4 Rg4 41. Rd5 Rg6 42. h5 Rf6+ 43. Ke3 Kg7 44. Bc4 Kf8 45. Bd3 h6 46. Kd4 Rf4+ 47. Kc3 Bb4+ 48. Kb3 a5 49. a3 Bd2 50. Rf5+ 1/2-1/2

[Event "Bad Woerishofen op 25th"]
[Site "Bad Woerishofen"]
[Date "2009.03.07"]
[Round "3"]
[White "Bronznik, Valerij"]
[Black "Pluemer, Detlef"]
[Result "1-0"]
[WhiteElo "2340"]
[BlackElo "2166"]
[PlyCount "29"]
[EventDate "2009.03.05"]
[EventType "swiss"]
[EventRounds "9"]
[EventCountry "GER"]
[SourceTitle "CBM 129 Extra"]
[Source "ChessBase"]
[SourceDate "2009.05.05"]
[SourceVersion "2"]
[SourceVersionDate "2009.05.20"]
[SourceQuality "1"]

1. d4 d5 2. c4 c6 3. cxd5 cxd5 4. Bf4 Nc6 5. e3 Nf6 6. Bd3 a6 7. Nc3 Bg4 8. Nge2 e6 9. 0-0 Bh5 10. Qb3 Na5 11. Qa4+ Nd7 12. Rfc1 Nc6 13. Qb3 Qb6 14. Qd1 f5 15. Bxf5 1-0

[Event "Bad Woerishofen op 25th"]
[Site "Bad Woerishofen"]
[Date "2009.03.06"]
[Round "2"]
[White "Berchtenbreiter, Maximilian"]
[Black "Bronznik, Valerij"]
[Result "1/2-1/2"]
[WhiteElo "2142"]
[BlackElo "2340"]
[PlyCount "32"]
[EventDate "2009.03.05"]
[EventType "swiss"]
[EventRounds "9"]
[EventCountry "GER"]
[SourceTitle "CBM 129 Extra"]
[Source "ChessBase"]
[SourceDate "2009.05.05"]
[SourceVersion "2"]
[SourceVersionDate "2009.05.20"]
[SourceQuality "1"]

1. e4 c5 2. Nc3 Nc6 3. Bb5 Nf6 4. Bxc6 dxc6 5. Nge2 e5 6. 0-0 c4 7. b3 Be6 8. bxc4 Bxc4 9. Kh1 Be7 10. d3 Be6 11. f4 exf4 12. Nxf4 Bg4 13. Qe1 Nh5 14. Nce2 0-0 15. Nxh5 Bxh5 16. Bb2 Qd7 1/2-1/2

[Event "BL2-Sued 0809"]
[Site "Germany"]
[Date "2009.01.18"]
[Round "5.5"]
[White "Wintzer, Joachim"]
[Black "Bronznik, Valerij"]
[Result "1-0"]
[WhiteElo "2355"]
[BlackElo "2340"]
[PlyCount "57"]
[EventDate "2008.10.05"]
[EventType "team-tourn"]
[EventRounds "9"]
[EventCountry "GER"]
[SourceTitle "CBM 129 Extra"]
[Source "ChessBase"]
[SourceDate "2009.05.05"]
[SourceVersion "2"]
[SourceVersionDate "2009.05.20"]
[SourceQuality "1"]
[WhiteTeam "Heidelberg Kirchheim"]
[BlackTeam "Schwegenheim"]
[WhiteTeamCountry "GER"]
[BlackTeamCountry "GER"]

1. c4 e5 2. Nc3 Nc6 3. g3 f5 4. Bg2 Nf6 5. d3 Bb4 6. Bd2 0-0 7. a3 Bxc3 8. Bxc3 d6 9. Nf3 Qe8 10. e3 e4 11. dxe4 Nxe4 12. Qc2 a5 13. 0-0 a4 14. Nd2 Nc5 15. Rfe1 Ne6 16. f4 Ne7 17. Re2 Bd7 18. Rd1 Bc6 19. Bxc6 Qxc6 20. Nf1 Qe4 21. Bd4 g5 22. Red2 gxf4 23. gxf4 Kf7 24. Rd3 Rg8+ 25. Ng3 Rxg3+ 26. hxg3 Rg8 27. Kf2 Qc6 28. Be5 Qb6 29. Rg1 1-0

[Event "Seefeld op 19th"]
[Site "Seefeld"]
[Date "2008.09.13"]
[Round "9"]
[White "Platzgummer, Fabian"]
[Black "Bronznik, Valerij"]
[Result "1/2-1/2"]
[WhiteElo "2187"]
[BlackElo "2362"]
[PlyCount "97"]
[EventDate "2008.09.05"]
[EventType "swiss"]
[EventRounds "9"]
[EventCountry "AUT"]
[SourceTitle "EXT 2019"]
[Source "ChessBase"]
[SourceDate "2018.10.10"]
[SourceVersion "1"]
[SourceVersionDate "2018.10.10"]
[SourceQuality "1"]

1. e4 c5 2. Nf3 Nc6 3. d4 cxd4 4. Nxd4 Nf6 5. Nc3 e5 6. Ndb5 d6 7. Bg5 a6 8. Na3 b5 9. Bxf6 gxf6 10. Nd5 Bg7 11. c3 f5 12. Nxb5 axb5 13. Bxb5 Bd7 14. exf5 0-0 15. 0-0 Rb8 16. a4 Kh8 17. Qf3 Qg5 18. Ne3 Rfc8 19. g3 Be8 20. h4 Qd8 21. Nd5 f6 22. b4 Ne7 23. Bxe8 Qxe8 24. a5 Nxd5 25. Qxd5 Rxc3 26. Qxd6 Qf8 27. Rfd1 Qxd6 28. Rxd6 Bf8 29. Rxf6 Kg7 30. Rb6 Rcc8 31. g4 Rxb6 32. axb6 Rb8 33. Ra7+ Kg8 34. Ra5 Rxb6 35. Rxe5 Rxb4 36. f3 h5 37. Re6 Kf7 38. Rg6 Be7 39. gxh5 Rxh4 40. h6 Bf8 41. Kg2 Bxh6 42. Kg3 Rh1 43. Ra6 Bg7 44. Ra7+ Kf6 45. Ra6+ Kxf5 46. Ra5+ Kg6 47. Ra6+ Bf6 48. Rb6 Ra1 49. Kg4 1/2-1/2

[Event "Seefeld op 19th"]
[Site "Seefeld"]
[Date "2008.09.11"]
[Round "7"]
[White "Van der Weide, Karel"]
[Black "Bronznik, Valerij"]
[Result "1/2-1/2"]
[WhiteElo "2473"]
[BlackElo "2362"]
[PlyCount "105"]
[EventDate "2008.09.05"]
[EventType "swiss"]
[EventRounds "9"]
[EventCountry "AUT"]
[SourceTitle "EXT 2010"]
[Source "ChessBase"]
[SourceDate "2010.11.25"]
[SourceVersion "1"]
[SourceVersionDate "2010.11.25"]
[SourceQuality "1"]

1. e4 c5 2. Nf3 Nc6 3. d4 cxd4 4. Nxd4 Nf6 5. Nc3 e5 6. Ndb5 d6 7. Bg5 a6 8. Na3 b5 9. Bxf6 gxf6 10. Nd5 Bg7 11. Bd3 Ne7 12. Nxe7 Qxe7 13. c3 f5 14. 0-0 0-0 15. Nc2 f4 16. a4 bxa4 17. Rxa4 Qg5 18. Qe2 Bf6 19. Rfa1 Bd8 20. Ne1 a5 21. b4 Bb6 22. bxa5 Bc5 23. Qd2 Kh8 24. Bf1 Bd7 25. Rb4 Bc6 26. a6 f5 27. exf5 e4 28. Kh1 e3 29. Qd3 Rf6 30. fxe3 fxe3 31. Nf3 Bxf3 32. gxf3 e2 33. Bg2 Bxb4 34. cxb4 Re8 35. Re1 Qxf5 36. Qxf5 Rxf5 37. f4 d5 38. a7 Ra8 39. Rxe2 Rxa7 40. h3 Rb7 41. Rd2 Rxb4 42. Rxd5 Rxd5 43. Bxd5 Rxf4 44. Kg2 Kg7 45. Kg3 Rd4 46. Ba2 Kf6 47. Bb1 h6 48. h4 h5 49. Kh3 Rb4 50. Bc2 Rc4 51. Bd1 Rc3+ 52. Kg2 Rc5 53. Kg3 1/2-1/2

[Event "Gothenburg"]
[Site "Gothenburg"]
[Date "2008.08.10"]
[Round "9"]
[White "Bronznik, Valerij"]
[Black "Hebbinghaus, Holger"]
[Result "1/2-1/2"]
[WhiteElo "2362"]
[BlackElo "2287"]
[PlyCount "29"]
[EventDate "2008.08.02"]
[EventType "tourn"]
[EventRounds "9"]
[EventCountry "SWE"]
[EventCategory "3"]
[SourceTitle "CBM 125 Extra"]
[Source "ChessBase"]
[SourceDate "2008.09.01"]
[SourceVersion "1"]
[SourceVersionDate "2008.09.01"]
[SourceQuality "1"]

1. d4 Nf6 2. c4 Nc6 3. Nf3 e6 4. Nc3 Bb4 5. Qc2 d6 6. Bg5 h6 7. Bd2 e5 8. dxe5 dxe5 9. 0-0-0 Qe7 10. Nd5 Nxd5 11. cxd5 Bxd2+ 12. Qxd2 Nb4 13. e4 0-0 14. a3 Na6 15. Bxa6 1/2-1/2

[Event "Gothenburg"]
[Site "Gothenburg"]
[Date "2008.08.09"]
[Round "8"]
[White "Akesson, Joel"]
[Black "Bronznik, Valerij"]
[Result "1/2-1/2"]
[WhiteElo "2312"]
[BlackElo "2362"]
[PlyCount "43"]
[EventDate "2008.08.02"]
[EventType "tourn"]
[EventRounds "9"]
[EventCountry "SWE"]
[EventCategory "3"]
[SourceTitle "CBM 125 Extra"]
[Source "ChessBase"]
[SourceDate "2008.09.01"]
[SourceVersion "1"]
[SourceVersionDate "2008.09.01"]
[SourceQuality "1"]

1. d4 f5 2. Nc3 Nf6 3. Bg5 d5 4. Bxf6 exf6 5. e3 Be6 6. Qf3 Nc6 7. Bb5 Qd7 8. Nge2 a6 9. Ba4 Rd8 10. a3 b5 11. Bb3 Na5 12. Nf4 c6 13. 0-0 Bd6 14. Na2 Bf7 15. Nb4 Qc8 16. Nbd3 Nc4 17. Bxc4 dxc4 18. Nc5 Bxc5 19. dxc5 Bd5 20. Qh3 Bf7 21. Qf3 Bd5 22. Qh5+ 1/2-1/2

[Event "Gothenburg"]
[Site "Gothenburg"]
[Date "2008.08.08"]
[Round "7"]
[White "Krivonosov, Oleg"]
[Black "Bronznik, Valerij"]
[Result "1/2-1/2"]
[WhiteElo "2424"]
[BlackElo "2362"]
[PlyCount "35"]
[EventDate "2008.08.02"]
[EventType "tourn"]
[EventRounds "9"]
[EventCountry "SWE"]
[EventCategory "3"]
[SourceTitle "CBM 125 Extra"]
[Source "ChessBase"]
[SourceDate "2008.09.01"]
[SourceVersion "1"]
[SourceVersionDate "2008.09.01"]
[SourceQuality "1"]

1. Nf3 d5 2. d4 Nc6 3. Bf4 Bg4 4. e3 e6 5. c4 Bb4+ 6. Nc3 Nf6 7. Rc1 0-0 8. h3 Bxf3 9. Qxf3 Bxc3+ 10. bxc3 Qe7 11. cxd5 Nxd5 12. Bc4 Nxf4 13. Qxf4 Na5 14. Bd3 c5 15. 0-0 Rac8 16. Qe4 g6 17. Be2 cxd4 18. cxd4 1/2-1/2